Macroeconomía / (Registro nro. 5827)

Detalles MARC
000 -LEADER
fixed length control field 01514nam a2200349Ia 4500
003 - CONTROL NUMBER IDENTIFIER
control field OSt
005 - DATE AND TIME OF LATEST TRANSACTION
control field 20200726004039.0
008 - FIXED-LENGTH DATA ELEMENTS--GENERAL INFORMATION
fixed length control field 191128s2000 sp a fr 001 0 spa d
020 ## - INTERNATIONAL STANDARD BOOK NUMBER
International Standard Book Number 8495348128
040 ## - CATALOGING SOURCE
Original cataloging agency CO-JMCR
Transcribing agency CO-JMCR
041 1# - LANGUAGE CODE
Language code of text/sound track or separate title spa
Language code of original eng
082 04 - DEWEY DECIMAL CLASSIFICATION NUMBER
Classification number 339 /
Item number M154m
Edition number 23
100 1# - MAIN ENTRY--PERSONAL NAME
Personal name Mankiw, Nicholas, Gregory,
Relator term autor
9 (RLIN) 7845
245 10 - TITLE STATEMENT
Title Macroeconomía /
Statement of responsibility, etc. N. Gregory Mankiw ; traducción de Ma. Esther Rabasco y Luis Toharia ; adaptación de Antonio Ciccone y Hugo Rodríguez
250 ## - EDITION STATEMENT
Edition statement Cuarta edición
260 ## - PUBLICATION, DISTRIBUTION, ETC.
Place of publication, distribution, etc. Barcelona :
Name of publisher, distributor, etc. Antoni Bosch editor,
Date of publication, distribution, etc. 2000
300 ## - PHYSICAL DESCRIPTION
Extent xxxviii, 703 páginas :
Other physical details ilustraciones a blanco y negro ;
Dimensions 23 cm.
500 ## - GENERAL NOTE
General note Incluye glosario e índice analítico.
505 0# - FORMATTED CONTENTS NOTE
Formatted contents note La economía a largo plazo -- La economía a corto plazo -- Los debates sobre política económica
520 3# - SUMMARY, ETC.
Summary, etc. El libro del profesor Mankiw ha batido todos los récords mundiales de ventas de un libro de macroeconomía. Y no es casualidad. Se trata de un libro breve, escrito en un lenguaje llano pero preciso, y diferente.
534 ## - ORIGINAL VERSION NOTE
Introductory phrase Macroeconomics
546 ## - LANGUAGE NOTE
Language note Traducido del inglés
650 14 - SUBJECT ADDED ENTRY--TOPICAL TERM
Topical term or geographic name entry element Macroeconomía
9 (RLIN) 7846
650 14 - SUBJECT ADDED ENTRY--TOPICAL TERM
Topical term or geographic name entry element Desarrollo económico
9 (RLIN) 7847
650 14 - SUBJECT ADDED ENTRY--TOPICAL TERM
Topical term or geographic name entry element Política económica
9 (RLIN) 7848
650 14 - SUBJECT ADDED ENTRY--TOPICAL TERM
Topical term or geographic name entry element Economía
9 (RLIN) 7849
700 1# - ADDED ENTRY--PERSONAL NAME
Personal name Rabasco, Ma. Esther,
Relator term traductora
9 (RLIN) 7264
700 1# - ADDED ENTRY--PERSONAL NAME
Personal name Toharia, Luis,
Relator term traductor
9 (RLIN) 4738
700 1# - ADDED ENTRY--PERSONAL NAME
Personal name Ciccone, Antonio,
Relator term adaptador
9 (RLIN) 7850
700 1# - ADDED ENTRY--PERSONAL NAME
Personal name Rodríguez, Hugo,
Relator term adaptador
9 (RLIN) 7851
942 ## - ADDED ENTRY ELEMENTS (KOHA)
Source of classification or shelving scheme Dewey Decimal Classification
Koha item type Books
Existencias
Withdrawn status Lost status Source of classification or shelving scheme Damaged status Not for loan Collection code Home library Current library Date acquired Source of acquisition Full call number Barcode Date last seen Copy number Koha item type Public note
    Dewey Decimal Classification     Non-fiction Biblioteca Pública José María del Castillo y Rada Biblioteca Pública José María del Castillo y Rada 04/15/2018 Donación 339 / M154m 430005041 05/16/2024 Ej.1 Books Exlibris: algunas páginas rayadas